1745 1597 1122 1549 1108 1862 1586 1571 1532 1976 1572 1290 1635 1139 1871 1775 1608 1773 1174 1576 1573 1150 1802 1671 1345 1767 1184 1973 1311 1268 1262 1797 1415 1601 1890 1872 1613 1622 1744 1749 1941 1007 1573 1944 1090 1065 1255 1223 1430 1259 1000 1784 1153 1028 1700 1987 1293 1765 1973 1750 1922 1416 1677 1848 1463 1427 1237 1076 1617 1288 1883 1957 1268 1042 1430 1304 1607 1528 1358 1390 1482 1284 1027 1110 1466 1961 1674 1525 1638 1183 1359 1419 1206 1248 1322 1386 1455 1524 1032 BCNSPRNW ULIB Ver.6.0+V

เปลี่ยนเป็นภาษาไทย

Change to English
 แสดงรายละเอียดบรรณานุกรม
  กลับหน้าหลัก

Brief Record : Get Marc (ISO 2709) : E-mail record : QR code < ปิดหน้าต่าง
LEADER : 00000nam 2200000uu 4500
001    13399114528
003     ULIB
008    120411s||||||||th 000 0 tha d
020    ^a9780826105813
050  4 ^aRT73 ^bG112
060  0 ^aWY100^bG112
100 1   ^aGaberson, Kathleen B.
245 1   ^aClinical teaching strategies in nursing / ^cKathleen B. Gaberson, Marilyn H. Oermann.
250    ^a3rd ed
260    ^aNew York, N.Y. : ^bSpringer Pub., ^c2010.
300    ^axi, 442 p.
650    ^aNursing ^xStudy and teaching.
650  0 Education Nursing
700 1   ^aOermann, Marilyn H.
945    ^p0^l0^i031632
995    ^aKesorn
999 ^a ใช้งานได้ทุกระบบ
รายการนี้ยังไม่มีแท็ก
คุณยังไม่ได้ล็อกอิน คุณสามารถมีกิจกรรมร่วมกับเว็บไซต์ได้ แต่ต้องล็อกอินก่อน ::
  ล็อกอิน

รายการสื่อสารสนเทศ

ลำดับที่ ประเภท เลขเรียก/บาร์โค้ด สถานที่ สถานะ
- ไม่พบข้อมูล -

รายการใกล้เคียง
    ผู้แต่ง [Gaberson, Kathleen B.]

BibComment


ยังไม่เคยถูกคอมเมนท์

คอมเมนท์ทรัพยากรรายการนี้
  คอมเมนท์: Clinical teachi..


 Copyright 2026. Bcnsprnw @Library